| 000 | 00776nam a22002177a 4500 | ||
|---|---|---|---|
| 999 |
_c9107 _d9107 |
||
| 003 | AR-CdUCM | ||
| 008 | 190327b ||||| |||| 00| 0 spa d | ||
| 040 |
_aMUNICIPALIDAD PROVINCIAL DEL CUSCO _cBIBLIOTECA MUNICIPAL DEL CUSCO |
||
| 082 |
_a574 / _bM74 |
||
| 100 |
_aMonge, Carlos _95736 |
||
| 110 |
_aConsejo Nacional de Ciencia y Tecnologia _9406 |
||
| 245 |
_aObras 3 : _bEstudio sobre la altura / |
||
| 260 |
_aLima : _bAsociación de publicaciones Educativas, _c1988. |
||
| 300 |
_a1564 paginas ; _bDiagramas, cuadros, _c23 cm. |
||
| 505 | _aContenido :Fisiología --Fisiología andina --Fisiología en la reproducción en la altura ... | ||
| 650 |
_aFisiologia _94959 |
||
| 650 |
_aPatologia _98286 |
||
| 650 |
_aAltura _923076 |
||
| 942 |
_2ddc _cLIBROS |
||
| 945 | _arjall | ||